<?xml version="1.0" encoding="UTF-8"?>
<record
    xmlns:xsi="http://www.w3.org/2001/XMLSchema-instance"
    xsi:schemaLocation="http://www.loc.gov/MARC21/slim http://www.loc.gov/standards/marcxml/schema/MARC21slim.xsd"
    xmlns="http://www.loc.gov/MARC21/slim">

  <leader>02073nam a22002417a 4500</leader>
  <controlfield tag="005">20220125100633.0</controlfield>
  <controlfield tag="008">220125b           ||||| |||| 00| 0 eng d</controlfield>
  <datafield tag="020" ind1=" " ind2=" ">
    <subfield code="a">8188322040</subfield>
  </datafield>
  <datafield tag="040" ind1=" " ind2=" ">
    <subfield code="c">AL</subfield>
  </datafield>
  <datafield tag="041" ind1=" " ind2=" ">
    <subfield code="a">eng</subfield>
  </datafield>
  <datafield tag="082" ind1=" " ind2=" ">
    <subfield code="2">23</subfield>
    <subfield code="a">355.092</subfield>
    <subfield code="b">SINM</subfield>
  </datafield>
  <datafield tag="100" ind1=" " ind2=" ">
    <subfield code="a">Ranbir Singh</subfield>
    <subfield code="9">14655</subfield>
  </datafield>
  <datafield tag="245" ind1=" " ind2=" ">
    <subfield code="a">Marshal Arjan Singh, DFC: Life and Times</subfield>
  </datafield>
  <datafield tag="260" ind1=" " ind2=" ">
    <subfield code="a">New Delhi</subfield>
    <subfield code="b">Ocean Books Pvt. Ltd.</subfield>
    <subfield code="c">2002</subfield>
  </datafield>
  <datafield tag="300" ind1=" " ind2=" ">
    <subfield code="a">230 p.</subfield>
    <subfield code="b">HB</subfield>
    <subfield code="c">22x14 cm.</subfield>
  </datafield>
  <datafield tag="365" ind1=" " ind2=" ">
    <subfield code="b">300.00</subfield>
    <subfield code="c">&#x20B9;</subfield>
    <subfield code="d">300.00</subfield>
  </datafield>
  <datafield tag="520" ind1=" " ind2=" ">
    <subfield code="a">This book profiles the life and times of Marshal Arjan Singh; DFC; who was made the first ever Marshal of the Indian Air Force in recognition to his extraordinary services; on January 25; 2002.
The first four chapters give an insight into the life of the Marshal who; inspite of having been a high profile public figure; yet has been a very very private person. He has always let his performance speak for him.
The fifth chapter records Marshal Arjan Singh's reminiscences and his candid views on a wide range of subjects.
The next nine chapters are devoted to his life with No. 1 Squadron; and their exploits; followed by the major operations during his times&#x2014;the 1962 and the 1965 Wars.
The last three chapters cover some historical themes which are of contemporary relevance&#x2014;
Appeasement and Complacency; our indifferent approach to history; and the turns we have taken at the crucial crossroads.
The book has been written in an easy and fluid style which makes it immensely readable; and the simple language; though with a defence flavour; should find favour with men-in-uniform as well as civilians.
It is a welcome addition to the books on defence themes of which there is an acute dearth. It is hoped that with the present trend of greater transparency in Defence Forces; increasing number of defence personnel will share their experiences before they undeservedly get lost in the shifting sands of time.</subfield>
  </datafield>
  <datafield tag="650" ind1=" " ind2=" ">
    <subfield code="a">Biography</subfield>
    <subfield code="9">14651</subfield>
  </datafield>
  <datafield tag="650" ind1=" " ind2=" ">
    <subfield code="v">Military Science</subfield>
    <subfield code="9">14652</subfield>
  </datafield>
  <datafield tag="650" ind1=" " ind2=" ">
    <subfield code="a">Marshals India</subfield>
    <subfield code="9">14653</subfield>
  </datafield>
  <datafield tag="700" ind1=" " ind2=" ">
    <subfield code="a">SINGH (Ranbir)</subfield>
    <subfield code="9">14654</subfield>
  </datafield>
  <datafield tag="942" ind1=" " ind2=" ">
    <subfield code="2">ddc</subfield>
    <subfield code="c">GF</subfield>
  </datafield>
  <datafield tag="999" ind1=" " ind2=" ">
    <subfield code="c">221331</subfield>
    <subfield code="d">221331</subfield>
  </datafield>
  <datafield tag="952" ind1=" " ind2=" ">
    <subfield code="0">0</subfield>
    <subfield code="1">0</subfield>
    <subfield code="2">ddc</subfield>
    <subfield code="4">0</subfield>
    <subfield code="7">0</subfield>
    <subfield code="8">OTH</subfield>
    <subfield code="a">AL</subfield>
    <subfield code="b">AL</subfield>
    <subfield code="d">2013-03-24</subfield>
    <subfield code="l">0</subfield>
    <subfield code="o">355.092 SINM</subfield>
    <subfield code="p">GF02160</subfield>
    <subfield code="r">2022-01-25 00:00:00</subfield>
    <subfield code="w">2022-01-25</subfield>
    <subfield code="y">GF</subfield>
  </datafield>
</record>
